Quizzes
Events
Quiz Creation
Community
Videos
Private Events
Remove Ads
Sign In
Join for FREE
Feedback
Dark Mode
Quiz Categories
Sports
Geography
Music
Movies
Television
Just For Fun
Miscellaneous
History
Literature
Language
Science
Gaming
Entertainment
Religion
Holiday
For Kids
Quiz Lab
Recent
Popular Today
Quiz Kudos Today
Editor Picks
Curator Picks
Quizzes by...
Day
Popularity
Type
Ratings
Length
Year
Community
Subscriptions
Recent Discussions
Orange Saloon
Badges
Playlists
Quests
Create
Leaderboards
Showdown
Live 5
Trivia Bingo
Activity
Puzzle Library
Sporcle Events
Private Events
Virtual Trivia
Globe League
Become a Host
Pub Owners
SporcleCon
Opinionation
Our Games
Videos
Blog
Mobile Apps
Partnerships
Remove Ads and Go Orange
Feedback
Religion
Mythology
Religious Music
World Religions
Bible
Christianity
Catholicism
Judaism
Church
Scripture
Islam
Verse
Religion
Mythology
Religious Music
World Religions
Bible
Christianity
Catholicism
Judaism
Church
Scripture
Islam
Verse
Random Quiz
Search Sporcle
×
Quiz Lab
Quiz Lab
Religion
Worldwide
Type in answers that appear in a list
Type in answers that appear in a list
Classic
Best Score? Go Orange.
Religions across the globe Stats
Can you name the Religions across the globe?
By
watermelon234
5m
14 Questions
51 Plays
51 Plays
51 Plays
Comments
Comments
Give Quiz Kudos
Give Quiz Kudos
-
- Ratings
hide this ad
Replay
Link that replays current quiz
Next Quiz
Link to next quiz in quiz playlist
You Got
0%
They Got
Avg Score
55%
Avg Friend Score
Upgrade to see
Score Distribution
Jump to the score distribution portion of the page
Score
0/14
Timer
05:00
0
Plays Today
Religion
% Correct
Islam
96.1%
Christianity
94.1%
Hinduism
86.3%
buddhism
80.4%
Judaism
72.5%
Sikhism
54.9%
Jainism
52.9%
Religion
% Correct
Shinto
52.9%
Taoism
43.1%
Confucianism
37.3%
Zoroastrianism
37.3%
Baha'i
33.3%
Wicca
27.5%
Druidism
5.9%
Quiz Playlist
Details
Report
Send in Message
Add To Playlist
Classic:
Type in answers that appear in a list
Last Updated: Feb 16, 2017
Quiz Scoreboard
CHALLENGE
Sign Up to Join the Scoreboard
Show All
Scores
Hide
Comments
May contain spoilers
Recently Published
Movies - When Are They Set?
by FPL_Elf
Movies
5m
Popular People in 1961
by mucciniale
History
6m
1-10 Letter E Words III
by El_Dandy
Language
2m
More to Explore
Quiz From the Vault
Featured Blog Post
Where Did the Easter Bunny Come From?
hide this ad
You Might Also Like...
Tags
Different Countries
Worldwide
Today's Top Quizzes in Religion
Browse Religion
hide this ad
Today's Top Quizzes in Worldwide
Browse Worldwide
Top Contributed Quizzes in Religion
1
10 to 1: Islam
2
Religion Who Wants To Be A Millionaire
3
10 to 1: Protestantism
4
10 to 1: Norse Religion
5
10 to 1: Judaism
6
10 to 1: Hinduism
7
One Thing in Common: Mythology
8
Names of Surahs in the Quran
9
Order Up: Seven Last Words of Christ
10
One Thing in Common: Mythology II
Explore More
Trending Topics
Crossword
Kpop
Harry Potter
Marvel
Disney
Anime
NBA
WWE
NFL
Pokémon
Puzzle
Country
Song
Soccer
The Office
hide this ad
More By:
watermelon234
Quiz
Plays
Rating
Category
Featured
Created
Fruits that start with A
162
3.75
Just For Fun
Jul 21, 2011
Religions across the globe
51
2.00
Religion
Jul 21, 2011
Go to Creator's Profile
Score Distribution
Quiz Creator Spotlight
watermelon234
Follow
Send a Message
Quizzes Created
-
Created Quiz Play Count
-
More By This Creator
Popular Quizzes Today
1
Find the US States - No Outlines Minefield
2
Find the Countries of Europe - No Outlines Minefield
3
The Countries of the World
4
Popular People in 1961
5
1-10 Letter E Words III
6
US States
7
Find the US States
8
One Thing in Common: World Cities II
More Religion Quizzes
Greek - Roman Gods Minefield
Quiz Lab
Trending Quizzes
Risky Map Clicking: Least Populous States A-Z
1-10 Letter F Words
Humor Books: The Subtitles
1-10 Letter G Words
One Thing in Common: United Kingdom
Recently Updated
Leaping Animals
pecheneg
Reality TV Shows (A-Z)
bhenderson79
Rickey Henderson's Hall of Fame Teammates
pecheneg
Champions League XIs: Arsenal
pecheneg
Quick Pick: Celebrities in WWE's Hall of Fame
aduchscher
A-Z Keypad Blitz II
pecheneg
Multiple Oscar Actors
pecheneg
Mystery Phrase Blitz: Oscar 'Best Actors'
pecheneg
F. Scott Fitzgerald Novels
LTH
Pick 3 Villains
ddd62291
Trending Topics
Anime
Kpop
Harry Potter
NBA
Marvel
Disney
Crossword
WWE
NFL
The Office
Country
Puzzle
Pokémon
Song
Soccer
Your Account Isn't Verified!
In order to create a playlist on Sporcle, you need to verify the email address you used during registration. Go to your
Sporcle Settings
to finish the process.
Report this User
Report this user for behavior that violates our
Community Guidelines
.
Details:
Send Report
Go to the Sporcle.com Mobile Site →
Comments